000 00328nam a22001457a 4500
008 221021b ||||| |||| 00| 0 eng d
020 _a9781560277637
041 _aeng
080 _2FIFTH EDITION
_a34
082 _a34
100 _a33.2
101 _aJURI
245 _aPRACTICAL AVIATION LAW
_cHAMILTON J
942 _2udc
_cBK
999 _c58639
_d58639